Бюджеты рабочих и служащих. Вып. 1: Бюджет рабочей семьи в 1922-1927 г. г. (Запись № 13566137)

Подробности
000 -МАРКЕР
контрольное поле 01210nam2a2200241 4500
001 - ИДЕНТИФИКАТОР ЗАПИСИ
контрольное поле rc\2662019
005 - ИДЕНТИФИКАТОР ВЕРСИИ
контрольное поле 20260315043750.0
035 ## - ДРУГИЕ СИСТЕМНЫЕ НОМЕРА
Идентификатор записи (NLR Aleph) 006968828
100 ## - ДАННЫЕ ОБЩЕЙ ОБРАБОТКИ
Данные общей обработки 20110617d1929 u y0rusy50 ca
101 0# - ЯЗЫК РЕСУРСА
Язык текста, звукозаписи и т.д. русский
102 ## - СТРАНА ПУБЛИКАЦИИ ИЛИ ПРОИЗВОДСТВА
Страна публикации российская федерация
105 ## - ПОЛЕ КОДИРОВАННЫХ ДАННЫХ: ТЕКСТОВЫЕ МАТЕРИАЛЫ, МОНОГРАФИЧЕСКИЕ
Кодированные данные о монографическом текстовом документе a z |||||
200 1# - ЗАГЛАВИЕ И СВЕДЕНИЯ ОБ ОТВЕТСТВЕННОСТИ
Основное заглавие Бюджет рабочей семьи в 1922-1927 г. г.
Сведения, относящиеся к заглавию Текст
Первые сведения об ответственности (Г. Полляк)
210 ## - ПУБЛИКАЦИЯ, РАСПРОСТРАНЕНИЕ И ДР.
Дата издания, распространения и т.д. 1929
215 ## - ФИЗИЧЕСКАЯ ХАРАКТЕРИСТИКА
Специфическое обозначение материала и объем 100 с.
Другие сведения о физической характеристике диагр.
461 #0 - УРОВЕНЬ НАБОРА
Встроенное поле 001rc\2662018
-- 2001#$aБюджеты рабочих и служащих$eВып. 1-$fЦентр. стат. упр. СССР. Сектор статистики труда. Секция общ. статистики$vВып. 1
Системный номер (АБИС) связанной записи 5419476
Автор СССР. Центральное статистическое управление
Место публикации Москва
Дата публикации 1929
Первые сведения об ответственности Центр. стат. упр. СССР. Сектор статистики труда. Секция общ. статистики
Имя издателя, распространителя и т.д. Стат. изд-во ЦСУ СССР
Сведения, относящиеся к заглавию Вып. 1-
Заглавие Бюджеты рабочих и служащих
Номер тома Вып. 1
702 #1 - ИМЯ ЛИЦА - ВТОРИЧНАЯ ОТВЕТСТВЕННОСТЬ
Начальный элемент ввода Полляк
Часть имени, кроме начального элемента ввода Г.
Код отношения Прочие
801 #0 - ИСТОЧНИК ЗАПИСИ
Страна российская федерация
Организация NLR
Правила каталогизации psbo
801 #1 - ИСТОЧНИК ЗАПИСИ
Страна российская федерация
Организация ELAR
Источник данных rusmarc
852 ## - МЕСТОНАХОЖДЕНИЕ И ШИФР ХРАНЕНИЯ
Идентификатор организации NLR
Шифр хранения (Call Number) 86/240
942 ## - ДОПОЛНИТЕЛЬНЫЕ ЭЛЕМЕНТЫ ЗАПИСИ (АБИС)
Тип экземпляра АБИС Неопределено
980 ## - КОЛЛЕКЦИЯ
Название коллекции Национальная библиография

Нет доступных экземпляров.